000 00636nam a2200193Ia 4500
003 IN-BaIIA
008 211028s9999 xx 000 0 eng d
040 _cIIA Library
080 _a083.7:621.873
_bISI
110 _aIndian Standards Institution
245 0 _aIndian standard code of practice for desing manufacture, erection and testing (structural portion)of cranes and hoists
_cIndian Standards Institution
260 _aNew Delhi
_bIndian Standards Institution
_c1971
300 _a48p.
500 _aIS 807 : 1963
650 _a Cranes-Standards
_99175
650 _a Standards 
650 _aNASA Thesaurus 
942 _cBK
999 _c5186
_d5186